5HLuxD.jpg

KING HENRY VIII SENIOR AND PRIMARY SCHOOL LIBRARY OPAC

Stories of ourselves. (Record no. 2841)

000 -LEADER
fixed length control field 00863pam a2200265 i 4500
001 - CONTROL NUMBER
control field 018645622
003 - CONTROL NUMBER IDENTIFIER
control field Uk
005 - DATE AND TIME OF LATEST TRANSACTION
control field 20231016144916.0
008 - FIXED-LENGTH DATA ELEMENTS--GENERAL INFORMATION
fixed length control field 171207s2018 enk 000|j|eng|d
020 ## - INTERNATIONAL STANDARD BOOK NUMBER
International Standard Book Number 9781108436199
Qualifying information paperback
040 ## - CATALOGING SOURCE
Original cataloging agency StDuBDS
Language of cataloging eng
Transcribing agency StDuBDS
Modifying agency Uk
-- KH8
Description conventions rda
082 04 - DEWEY DECIMAL CLASSIFICATION NUMBER
Classification number 823.010 WIL
100 ## - MAIN ENTRY--PERSONAL NAME
Personal name Wilmer, Mary,
Relator term Author.
245 00 - TITLE STATEMENT
Title Stories of ourselves.
Number of part/section of a work Volume 2 :
Remainder of title Cambridge Assessment International Education anthology of stories in English /
Statement of responsibility, etc. Mary Wilmer.
264 #1 - PRODUCTION, PUBLICATION, DISTRIBUTION, MANUFACTURE, AND COPYRIGHT NOTICE
Place of production, publication, distribution, manufacture Cambridge :
Name of producer, publisher, distributor, manufacturer Cambridge University Press,
Date of production, publication, distribution, manufacture, or copyright notice [2018]
300 ## - PHYSICAL DESCRIPTION
Extent viii, 453 pages ;
Dimensions 7 x 1.05 x 10 inches
336 ## - CONTENT TYPE
Content type term text
Source rdacontent
337 ## - MEDIA TYPE
Media type term unmediated
Source rdamedia
338 ## - CARRIER TYPE
Carrier type term volume
Source rdacarrier
500 ## - GENERAL NOTE
General note Formerly CIP.
Institution to which field applies Uk
650 #0 - SUBJECT ADDED ENTRY--TOPICAL TERM
Topical term or geographic name entry element Short stories, English.
650 #0 - SUBJECT ADDED ENTRY--TOPICAL TERM
Topical term or geographic name entry element Readers.
710 2# - ADDED ENTRY--CORPORATE NAME
Corporate name or jurisdiction name as entry element Cambridge Assessment.
942 ## - ADDED ENTRY ELEMENTS (KOHA)
Source of classification or shelving scheme
Koha item type Teaching Resources
Holdings
Withdrawn status Lost status Source of classification or shelving scheme Damaged status Not for loan Collection code Permanent Location Current Location Shelving location Date acquired Full call number Barcode Date last seen Price effective from Koha item type Total Checkouts Date due Date last checked out
          Teaching Resources KH8 Senior School Library KH8 Senior School Library Staff Office 2023-08-23 823.010 WIL TRKHSL002331 2023-08-23 2023-08-23 Teaching Resources      
          Teaching Resources KH8 Senior School Library KH8 Senior School Library Staff Office 2023-08-23 823.010 WIL TRKHSL002332 2023-08-23 2023-08-23 Teaching Resources      
          Teaching Resources KH8 Senior School Library KH8 Senior School Library Staff Office 2023-08-23 823.010 WIL TRKHSL002333 2025-08-27 2023-08-23 Teaching Resources 1 2026-07-03 2025-08-27
          Teaching Resources KH8 Senior School Library KH8 Senior School Library Staff Office 2023-08-23 823.010 WIL TRKHSL002334 2023-08-23 2023-08-23 Teaching Resources      
          Teaching Resources KH8 Senior School Library KH8 Senior School Library Staff Office 2023-08-23 823.010 WIL TRKHSL002335 2023-08-23 2023-08-23 Teaching Resources      
          Teaching Resources KH8 Senior School Library KH8 Senior School Library Staff Office 2023-08-23 823.010 WIL TRKHSL002336 2023-08-23 2023-08-23 Teaching Resources      
          Teaching Resources KH8 Senior School Library KH8 Senior School Library Staff Office 2023-08-23 823.010 WIL TRKHSL002337 2023-08-23 2023-08-23 Teaching Resources      
          Teaching Resources KH8 Senior School Library KH8 Senior School Library Staff Office 2023-08-23 823.010 WIL TRKHSL002338 2023-08-23 2023-08-23 Teaching Resources      
          Teaching Resources KH8 Senior School Library KH8 Senior School Library Staff Office 2023-08-23 823.010 WIL TRKHSL002339 2025-08-27 2023-08-23 Teaching Resources 1 2026-07-03 2025-08-27
          Teaching Resources KH8 Senior School Library KH8 Senior School Library Staff Office 2023-08-23 823.010 WIL TRKHSL002340 2023-08-23 2023-08-23 Teaching Resources      
          Teaching Resources KH8 Senior School Library KH8 Senior School Library Staff Office 2023-10-16 823.010 WIL TRKHSL003946 2023-10-16 2023-10-16 Teaching Resources      
          Teaching Resources KH8 Senior School Library KH8 Senior School Library Staff Office 2023-10-16 823.010 WIL TRKHSL003947 2025-08-27 2023-10-16 Teaching Resources 1 2026-07-03 2025-08-27
          Teaching Resources KH8 Senior School Library KH8 Senior School Library Staff Office 2023-10-16 823.010 WIL TRKHSL003948 2023-10-16 2023-10-16 Teaching Resources      
          Teaching Resources KH8 Senior School Library KH8 Senior School Library Staff Office 2023-10-16 823.010 WIL TRKHSL003949 2023-10-16 2023-10-16 Teaching Resources      
          Teaching Resources KH8 Senior School Library KH8 Senior School Library Staff Office 2023-10-16 823.010 WIL TRKHSL003950 2023-10-16 2023-10-16 Teaching Resources      
          Teaching Resources KH8 Senior School Library KH8 Senior School Library Staff Office 2023-10-16 823.010 WIL TRKHSL003951 2023-10-16 2023-10-16 Teaching Resources      
          Teaching Resources KH8 Senior School Library KH8 Senior School Library Staff Office 2023-10-16 823.010 WIL TRKHSL003952 2023-10-16 2023-10-16 Teaching Resources      
          Teaching Resources KH8 Senior School Library KH8 Senior School Library Staff Office 2023-10-16 823.010 WIL TRKHSL003953 2023-10-16 2023-10-16 Teaching Resources      
          Teaching Resources KH8 Senior School Library KH8 Senior School Library Staff Office 2023-10-16 823.010 WIL TRKHSL003954 2023-10-16 2023-10-16 Teaching Resources      

Powered By KH8 IT Dept